Retailing Management
Na minha lista:
| Autor principal: | |
|---|---|
| Outros Autores: | , |
| Formato: | Livro |
| Idioma: | inglês |
| Publicado em: |
New York
John Wiley and Sons
1988
|
| Edição: | 6. ed. |
| Assuntos: | |
| Tags: |
Sem tags, seja o primeiro a adicionar uma tag!
|
MARC
| LEADER | 00000nam a2200000 4500 | ||
|---|---|---|---|
| 001 | c021873 | ||
| 005 | 20221206134525.0 | ||
| 020 | |a 0-471-85094-2 | ||
| 041 | 0 | |a eng | |
| 044 | |a US | ||
| 245 | 1 | 0 | |a Retailing Management |c William R. Davidson, Daniel J. Sweeney, Ronald W. Stampfl |
| 250 | |a 6. ed. | ||
| 264 | 1 | |a New York |b John Wiley and Sons |c 1988 | |
| 300 | |a 876 s. | ||
| 610 | 2 | 0 | |a maloobchod |
| 610 | 2 | 0 | |a podnikanie drobné |
| 610 | 2 | 0 | |a podnikanie obchodné |
| 610 | 2 | 0 | |a manažment |
| 610 | 2 | 0 | |a riadenie |
| 610 | 2 | 0 | |a riadenie obchodu |
| 100 | 1 | |a Davidson, William R. | |
| 700 | 1 | |a Sweeney, Daniel J. | |
| 700 | 1 | |a Stampfl, Ronald W. | |